Clash of color : (Record no. 1430088)

MARC details
000 -LEADER
fixed length control field 00612nam a2200193Ia 4500
005 - DATE AND TIME OF LATEST TRANSACTION
control field 20250610161114.0
008 - FIXED-LENGTH DATA ELEMENTS--GENERAL INFORMATION
fixed length control field 008 250516s9999 xx 000 0 eng d
020 ## - INTERNATIONAL STANDARD BOOK NUMBER
International Standard Book Number 9781009526784
040 ## - CATALOGING SOURCE
Language of cataloging eng
Transcribing agency SDCL
041 ## - LANGUAGE CODE
Language code of text/sound track or separate title eng
Source of code eng
084 ## - COLON CLASSIFICATION NUMBER
Classification number Y7.77.1'N R4
100 ## - MAIN ENTRY--PERSONAL NAME
Personal name Hingorani, Avinash
245 #0 - TITLE STATEMENT
Title Clash of color :
Remainder of title Dialogues on race, caste, and solidarity in the United States and India (1900-1954)
260 ## - PUBLICATION, DISTRIBUTION, ETC.
Place of publication, distribution, etc. New Delhi :
Name of publisher, distributor, etc. Cambridge University Press,
Date of publication, distribution, etc. 2024.
300 ## - PHYSICAL DESCRIPTION
Extent xxii, 193p.
490 ## - SERIES STATEMENT
Series statement Global South Asians
650 ## - SUBJECT ADDED ENTRY--TOPICAL TERM
Topical term or geographic name entry element Political Science
942 ## - ADDED ENTRY ELEMENTS (KOHA)
Koha item type Textual
Source of classification or shelving scheme Colon Classification (CC)
100 ## - MAIN ENTRY--PERSONAL NAME
-- 812503
650 ## - SUBJECT ADDED ENTRY--TOPICAL TERM
-- 812504
999 ## -
-- 1430088
-- 1430088
Holdings
Withdrawn status Lost status Source of classification or shelving scheme Damaged status Not for loan Home library Current library Date acquired Source of acquisition Inventory number Total checkouts Full call number Barcode Date last seen Price effective from Koha item type
    Colon Classification (CC)     South Campus Library South Campus Library 2025-05-22 Govinda Book House 6673, 21/02/2025   Y7.77.1'N R4 SC1809020 2025-05-22 2025-05-22 Textual
Copyright @ Delhi University Library System